Digital signal processing: principles, devices and applications

I tiakina i:
Ngā taipitopito rārangi puna kōrero
Ngā kaituhi matua: Jones, N. B (Author), McK. Watson, J. D (Author)
Hōputu: Pukapuka
Reo:Ingarihi
I whakaputaina: Londres Peter Peregrinus 1990
Rangatū:IEE Control Engineering Series, 42
Ngā marau:
Ngā Tūtohu: Tāpirihia he Tūtohu
Kāore He Tūtohu, Me noho koe te mea tuatahi ki te tūtohu i tēnei pūkete!

MARC

LEADER 00000nam a2200000 a 4500
001 UCU1258
003 CL-VaPUC
008 960404e19900000UK |||||||||||||||||eng|d
082 0 4 |a 621.38  |b JON  |2 21 
100 0 |a Jones, N. B  |e author  |9 356856 
700 0 |a McK. Watson, J. D  |e author  |9 356857 
245 1 0 |a Digital signal processing: principles, devices and applications 
300 |a 418 p 
942 |c BK 
945 |d 19960404 00:00:00  |a rbrito 
260 |a Londres  |b Peter Peregrinus  |c 1990 
650 7 |a INGENIERIA ELECTRONICA  |2 CL-VaPUC  |9 356858 
650 0 |a Transformadores  |9 345471 
650 0 |a Análisis de Fourier  |9 260464 
650 7 |a FILTROS DIGITALES  |2 CL-VaPUC  |9 356859 
650 7 |a CONTROL DIGITAL  |2 CL-VaPUC  |9 356860 
650 0 |a Comunicación digital   |9 260754 
650 7 |a MICROCONTROLADORES  |2 CL-VaPUC  |9 356861 
583 |a last modification  |c 19960404 00:00:00  |k Rodrigo Vera 
490 0 |a IEE Control Engineering Series, 42 
999 |c 245935  |d 245933 
952 |0 0  |1 0  |4 0  |6 621_380000000000000_JON_1990  |7 0  |8 A  |9 260566  |a BIBING  |b BIBING  |d 2019-11-19  |i 3189902  |o 621.38 JON 1990  |p 3189902  |r 2025-01-20  |w 2019-11-19  |y BK  |k EIE